| 000 | 00370nam a2200145Ia 4500 | ||
|---|---|---|---|
| 005 | 20250729165746.0 | ||
| 008 | 250729s2012 xx 000 0 und d | ||
| 041 | _aeng | ||
| 082 | _a372.25 UMAS | ||
| 100 |
_aDr.Umadevi M R _9232275 |
||
| 245 | _aSpecial Education | ||
| 260 |
_aNew Delhi _bNeelkamal Publication _c2012 |
||
| 300 | _a280p | ||
| 650 |
_aEducation _9232276 |
||
| 999 |
_c239701 _d239701 |
||